000 00720cam a2200229Ia 4500
020 _a0021511403 (text)
020 _a9780021511402 (text)
020 _a0021511500 (TAE)
020 _a9780021511501 (TAE)
020 _a0021510903 (transparencies)
020 _a9780021510900 (transparencies)
040 _cIOC
082 _a320 COL 1987 A017 Or.
100 1 _aRemy, Richard C.
245 1 0 _aGovernment in the United States /
260 _aNew York :
_bScribner Educational :
_bMacmillan Pub. Co. ;
_aLondon :
_bCollier Macmillan,
_cc1987.
300 _axiv, 808 p., R-42 :
_bill. (some col.) ;
_c26 cm.
500 _aIncludes index.
700 1 _aElowitz, Larry.
700 1 _aBerlin, William S.
942 _cEK
999 _c12083
_d12083